| 000 | 00766nam a22001937a 4500 | ||
|---|---|---|---|
| 999 |
_c19586 _d19586 |
||
| 003 | AR-CdUCM | ||
| 008 | 190518b ||||| |||| 00| 0 spa d | ||
| 040 |
_aMUNICIPALIDAD PROVINCIAL DEL CUSCO _cBIBLIOTECA MUNICIPAL DEL CUSCO |
||
| 082 |
_a372.12 / _bH54 |
||
| 100 |
_aHill, George E. _941012 |
||
| 245 | _aOrientación escolar y vocacional / | ||
| 260 |
_aMexico : _bCentro regional de ayuda tecnica, _c1965. |
||
| 300 |
_a600 paginas ; _c24 cm. |
||
| 505 | _aContenido: La orientación en las escuelas -- La necesidad y los propositos de la orientación en las escuelas -- Orientación acumulativa en las escuelas de primera y segunda enseñanza | ||
| 650 |
_aEscolar _94628 |
||
| 650 |
_aVocacional _941013 |
||
| 942 |
_2ddc _cLIBROS |
||
| 945 |
_apjha _d2019-05-18 |
||